Регионална библиотека "Любен Каравелов" - Русе

Весело село (Запис номер 376102)

MARC детайли
000 -Лидер
Контролно поле с фиксирана дължина nkm a22 a 4500
003 - Код на организацията, давaща контролен номер
Контролно поле BLK
005 - Дата и час на последна редакция
Контролно поле 20200721105223.0
008 - Елементи от данни с фиксирана дължина
fixed length control field 200721b bu ||||| |||| 00| 0 bu d
040 ## - Източник на каталожния запис
Идентификатор на билиотеката - собственик на записа BLK
041 ## - Код за език
Код за езика на текст/звукозапис или на отделно заглавие Български
Код за езика КДБФ Български
080 ## - УДК
Текстов определител УДК Карикатура. Комикс
УДК код - определител по УДК 741.5
УДК определител (084)
УДК - код + определител 741.5(084)
100 ## - Редна дума - Автор
R(LIN) 326616
Автор Чавдаров, Георги Борисов
Авторска отговорност худож.
139 ## - Редно поле
Редна дума Чавдаров, Георги Борисов
245 ## - Сведения за заглавието
Заглавие Весело село
Подзаглавни данни [Изобразителен материал] : карикатури : [албум]
Редно поле (дума) Чавдаров, Георги Борисов
260 ## - Област на издателските данни
9 (RLIN) 210476
Място на издаване, разпространение и проч. София
Име на издателя, разпространителя и проч. БЗНС
Година на издаване 1987
300 ## - Физическа характеристика
Страници 1 албум (32 с.)
Илюстрации и др. с ил.
Размери/Мащаб 14 x 20 см
380 ## - Жанр
Жанр Изкуство
650 #0 - Допълнително описание по предмет – тема
9 (RLIN) 293582
Основно описание – тема или топоним Карикатуристи, български
653 #7 - Ключова дума – ненормативна
9 (RLIN) 188309
Ключова дума карикатури
852 ## - Местоположение
Форматна сигнатура Цб І 38531
Фондова буква Хранилище
999 ## - СИСТЕМНИ КОНТРОЛНИ НОМЕРА
Koha biblionumber 376102
Koha biblioitemnumber 376102
942 ## - АРТИКУЛИ
Вид на библиотечния материал Графични издания
Скрит в OPAC Не
Периодичен библиозапис Да
944 ## - СЪЗДАВАНЕ И РЕДАКЦИЯ на ЗАПИСА
Създаване/Редакция Създаване
Дата на регистрацията/редакция 2020-07-21
Служител, извършил регистрацията/редакцията Микаела Микова - Илиева
Статус, дата на статуса 2020-07-21
Наличности
Код за отписване Код за изгубен артикул Източник на класификационната схема Код за повреда Коз за рестрикции Код за отдаване Артикулен № Име на библиотеката - собственик Име на библиотеката, в която се намира в момента Статус (Текущо местоположение) Дата на вписване в системата Местоположение - отдел Цена в лева Инвентарен номер Систематично азбучна сигнатура Баркод Цена в евро Служебен тип на артикула
  Не е изгубен Universal Decimal Classification Не е повреден без рестрикции ползва се в читалня 785244 Регионална библиотека "Любен Каравелов" Русе Регионална библиотека "Любен Каравелов" Русе Хранилище 2020-07-22 Хранилище 0.50 477900 Цб I 38531 120000477900 0.26 Графични издания
Vip Innovations Ltd, Rousse, Bulgaria 2025